The politics of advanced capitalism / (Record no. 115275)

MARC details
000 -LEADER
campo de control de longitud fija 04186cam a2200397 i 4500
003 - IDENTIFICADOR DE NÚMERO DE CONTROL
campo de control BJBSDDR
005 - FECHA Y HORA DE LA ÚLTIMA TRANSACCIÓN
campo de control 20230411090723.0
007 - CAMPO FIJO DE DESCRIPCIÓN FÍSICA--INFORMACIÓN GENERAL
campo de control de longitud fija ta
008 - DATOS DE LONGITUD FIJA--INFORMACIÓN GENERAL
campo de control de longitud fija 141215s2015 nyu b 001 0 eng
020 ## - NÚMERO INTERNACIONAL ESTÁNDAR DEL LIBRO
Número Internacional Estándar del Libro 9781107492622
040 ## - FUENTE DE CATALOGACIÓN
Centro catalogador/agencia de origen DLC
Lengua de catalogación spa
Centro/agencia transcriptor DLC
041 ## - CÓDIGO DE IDIOMA
Código de lengua del texto/banda sonora o título independiente eng
042 ## - CÓDIGO DE AUTENTICACIÓN
Código de autenticación pcc
050 14 - SIGNATURA TOPOGRÁFICA DE LA BIBLIOTECA DEL CONGRESO
Número de clasificación HC 59.15
Número de ítem P769 2015
082 00 - NÚMERO DE LA CLASIFICACIÓN DECIMAL DEWEY
Número de clasificación 330.12/2
Número de edición 23
245 04 - MENCIÓN DEL TÍTULO
Título The politics of advanced capitalism /
Mención de responsabilidad, etc. edited by Pablo Beramendi, Duke University, Silja Häusermann, University of Zurich, Herbert Kitschelt, Duke University, Hanspeter Kriesi, European University Institute.
264 #1 - PRODUCCIÓN, PUBLICACIÓN, DISTRIBUCIÓN, FABRICACIÓN Y COPYRIGHT
Producción, publicación, distribución, fabricación y copyright New York :
Nombre del de productor, editor, distribuidor, fabricante Cambridge University Press,
Fecha de producción, publicación, distribución, fabricación o copyright 2015.
300 ## - DESCRIPCIÓN FÍSICA
Extensión xviii, 453 pages ;
Dimensiones 23 cm
336 ## - TIPO DE CONTENIDO
Término de tipo de contenido text
Fuente rdacontent
337 ## - TIPO DE MEDIO
Nombre/término del tipo de medio unmediated
Fuente rdamedia
338 ## - TIPO DE SOPORTE
Nombre/término del tipo de soporte volume
Fuente rdacarrier
504 ## - NOTA DE BIBLIOGRAFÍA, ETC.
Nota de bibliografía, etc. Includes bibliographical references (pages 405-445) and index.
505 8# - NOTA DE CONTENIDO CON FORMATO
Nota de contenido con formato Machine generated contents note: 1. Introduction: the politics of advanced capitalism Pablo Beramendi, Silja Hausermann, Herbert Kitschelt and Hanspeter Kriesi; Part I. Structural Transformations: 2. Prosperity and the evolving structure of advanced economies Carles Boix; 3. The origins of dualism David Rueda, Erik Wibbels and Melina Altamirano; 4. Occupational structure and labor market change in Western Europe since 1990 Daniel Oesch; 5. Globalization, labor market risks, and class cleavage Rafaela Dancygier and Stefanie Walter; 6. The return of the family Gosta Esping-Andersen; Part II. Politics: 7. Party alignments: change and continuity Herbert Kitschelt and Philipp Rehm; 8. What do voters want? Dimensions and configurations in individual-level preferences and party choice Silja Hausermann and Hanspeter Kriesi; 9. Trade unions and the future of democratic capitalism Anke Hassel; Part III. Policies: 10. Post-industrial social policy Evelyne Huber and John Stephens; 11. The dynamics of social investment: human capital, activation, and care Jane Gingrich and Ben Ansell; 12. Stability and change in CMEs: corporate governance and industrial relations in Germany and Denmark Gregory Jackson and Kathleen Thelen; Part IV. Outcomes: 13. Constrained partisanship and economic outcomes Pablo Beramendi; 14. Happiness and the welfare state: decommodification and the political economy of subjective wellbeing Christopher J. Anderson and Jason D. Hecht; 15. Conclusion: advanced capitalism in crisis Pablo Beramendi, Silja Hausermann, Herbert Kitschelt and Hanspeter Kriesi.
520 ## - RESUMEN, ETC.
Sumario, etc. "This book serves as a sequel to two distinguished volumes on capitalism: Continuity and Change in Contemporary Capitalism (Cambridge University Press, 1999) and Order and Conflict in Contemporary Capitalism (1985). Both volumes took stock of major economic challenges advanced industrial democracies faced, as well as the ways political and economic elites dealt with them. However, during the last decades, the structural environment of advanced capitalist democracies has undergone profound changes: sweeping deindustrialization, tertiarization of the employment structure, and demographic developments. This book provides a synthetic view, allowing the reader to grasp the nature of these structural transformations and their consequences in terms of the politics of change, policy outputs, and outcomes. In contrast to functionalist and structuralist approaches, the book advocates and contributes to a 'return of electoral and coalitional politics' to political economy research"--
Fuente proveedora Provided by publisher.
650 #4 - PUNTO DE ACCESO ADICIONAL DE MATERIA--TÉRMINO DE MATERIA
Término de materia o nombre geográfico como elemento de entrada Historia económica
9 (RLIN) 28
650 #4 - PUNTO DE ACCESO ADICIONAL DE MATERIA--TÉRMINO DE MATERIA
Término de materia o nombre geográfico como elemento de entrada Política económica
9 (RLIN) 311
650 #4 - PUNTO DE ACCESO ADICIONAL DE MATERIA--TÉRMINO DE MATERIA
Término de materia o nombre geográfico como elemento de entrada Capitalismo
Subdivisión general Aspectos políticos
9 (RLIN) 14731
650 #4 - PUNTO DE ACCESO ADICIONAL DE MATERIA--TÉRMINO DE MATERIA
Término de materia o nombre geográfico como elemento de entrada Economía
9 (RLIN) 761
700 1# - ENTRADA AGREGADA--NOMBRE PERSONAL
Nombre de persona Beramendi, Pablo
9 (RLIN) 16130
700 1# - ENTRADA AGREGADA--NOMBRE PERSONAL
Nombre de persona Häusermann, Silja,
Término indicativo de función/relación editor of compilation.
9 (RLIN) 16131
Fechas asociadas al nombre 1977-
700 1# - ENTRADA AGREGADA--NOMBRE PERSONAL
Nombre de persona Kitschelt, Herbert
9 (RLIN) 16132
700 1# - ENTRADA AGREGADA--NOMBRE PERSONAL
Nombre de persona Kriesi, Hanspeter,
Término indicativo de función/relación editor of compilation.
9 (RLIN) 7770
Fechas asociadas al nombre 1949-
906 ## - ELEMENTOS DE DATOS F LOCAL, LDF (RLIN)
a 7
b cbc
c orignew
d 1
e ecip
f 20
g y-gencatlg
942 ## - ELEMENTOS DE ENTRADA SECUNDARIOS (KOHA)
Fuente del sistema de clasificación o colocación Clasificación de Library of Congress
Tipo de ítem Koha Libro
Holdings
Estatus retirado Estado de pérdida Estado de daño No para préstamo Colección Biblioteca de origen Biblioteca actual Ubicación en estantería Fecha de adquisición Signatura topográfica completa Código de barras Visto por última vez Copia número Tipo de ítem Koha
        Ciencias Sociales Biblioteca Juan Bosch Biblioteca Juan Bosch Ciencias Sociales (3er. Piso) 24/05/2021 HC 59.15 P769 2015 00000150047 24/05/2021 1 Libro